Loading...

Nein Die Welt der Angeklagten

Bibliographic Details
Main Author: Jens, Walter
Format: Printed Book
Published: Munchen R Piper 1968
LEADER 00399nam a22001217a 4500
999 |c 295815  |d 295815 
082 |a 833.914  |b JEN 
100 |a Jens, Walter 
245 |a Nein Die Welt der Angeklagten 
246 |a No. The world of the accused 
260 |a Munchen  |b R Piper  |c 1968 
942 |c BK 
952 |0 0  |1 0  |4 0  |6 833_914000000000000_JEN  |7 0  |9 315096  |a GER  |b GER  |d 2020-08-12  |l 0  |o 833.914 JEN  |p GER2465  |r 2020-08-12  |w 2020-08-12  |y BK